| 000 | 00530cam a22001694a 4500 | ||
|---|---|---|---|
| 001 | 3575469 | ||
| 005 | 20250605122628.0 | ||
| 008 | 990219s1999 ilu b 001 0 eng | ||
| 020 | _a0830815961 (paper : alk. paper) | ||
| 050 | 0 | 0 |
_aBT366 _b.T84 1999 |
| 082 | 0 | 0 |
_a232.9/55 _221 |
| 100 | 1 | _aTwelftree, Graham H. | |
| 245 | 1 | 0 |
_aJesus the miracle worker : _ba historical & theological study / _cGraham H. Twelftree. |
| 260 |
_aDowners Grove, Ill. : _bInterVarsity Press, _cc1999. |
||
| 300 |
_a470 p. ; _c23 cm. |
||
| 942 |
_2lcc _cBK _n0 |
||
| 999 |
_c6303 _d6303 |
||